Premier League Players 2020/21 By Name - L - Statistics

General Stats
  • This quiz has been taken 39 times
    27 since last reset
  • The average score is 18 of 30
Answer Stats
Club Nation Position Player % Correct
Manchester City France DF Aymeric Laporte
100%
Tottenham Hotspur Argentina FW Erik Lamela
100%
Tottenham Hotspur France GK Hugo Lloris
100%
Arsenal France FW Alexandre Lacazette
92%
Arsenal Germany GK Bernd Leno
92%
Arsenal Brazil DF David Luiz
83%
Aston Villa Brazil MF Douglas Luiz
83%
Fulham Gabon MF Mario Lemina
83%
Manchester United Sweden DF Victor Lindelof
83%
Brighton & Hove Albion England MF Adam Lallana
75%
Tottenham Hotspur Argentina MF Giovani Lo Celso
75%
West Ham United Argentina MF Manuel Lanzini
75%
Burnley Ireland DF Kevin Long
67%
Newcastle United England MF Matty Longstaff
67%
Newcastle United England MF Sean Longstaff
67%
Sheffield United England MF John Lundstram
58%
Fulham England FW Ademola Lookman
50%
Newcastle United England DF Jamaal Lascelles
50%
Leeds United Spain DF Diego Llorente
42%
West Ham United England MF Jesse Lingard
42%
Burnley England DF Matthew Lowton
42%
Brighton & Hove Albion England DF Tariq Lamptey
42%
Southampton England GK Harry Lewis
33%
West Bromwich Albion England MF Jake Livermore
33%
Newcastle United Northern Ireland DF Jamal Lewis
33%
Fulham France DF Maxime Le Marchand
25%
Sheffield United England DF Max Lowe
25%
Fulham England MF Ruben Loftus-Cheek
25%
West Bromwich Albion England GK Andy Lonergan
17%
Newcastle United England GK Daniel Langley
17%
No matching quizzes found
Score Distribution
Percent of People with Each Score
Percentile by Number Answered
Your Score History
You have not taken this quiz since the last reset